000 01768nam0a2200337 4500
001 RU\NLR\BIBL_A\010301084
005 20250614031647.0
010 _a978-5-93522-036-5
035 _a(NLR Aleph) 010301084
090 _a10593936
_c10593936
100 _a20140402d2008 |||y0rusy50 ca
101 0 _arus
_aeng
102 _aRU
105 _aa|||z||||00yy
200 1 _aОтечественный Военно-Морской Флот
_dThe russian navy
_fА.М. Васильев, Ф.Р. Сагайдаков, В.М. Антонов
_zeng
210 _aСанкт-Петербург
_cИзд-во Александра Зимина
_d2008
215 _a243, [8] с.
_cил., цв. ил.
_d30Х25
300 _aАвт. также на англ. яз.: A. Vasiliev, F. Sagaidakov, V. Antonov
300 _aТекст парал. на рус. и англ. яз.
320 _aБиблиогр. в конце кн. (31 назв.)
510 1 _6z11790
_aThe russian navy
_zeng
606 1 _aВоенные корабли
_jАльбомы
_xИстория
_yРоссия
_92182348
_3RU\NLR\AUTH\6601548768
686 1 _aЦ661.1г(28)я61
700 1 _aВасильев
_bА. М.
_cканд. техн. наук, судостроение
_f1931-
_gАндрей Михайлович
_9132741
_3RU\NLR\AUTH\770132775
701 1 _aСагайдаков
_bФ. Р.
_gФеликс Рувимович
701 0 _aАнтонов
_bВ. М.
_cспециалист в обл. судостроения, художник
_9132884
_3RU\NLR\AUTH\770132918
790 0 _7ba
_8rus
_aVasil'ev
_bA. M.
_cканд. техн. наук, судостроение
_f1931-
_gAndrej Michajlovič
_9132752
_3RU\NLR\AUTH\770132786
942 _cBOOK
980 _aNB